=LDR 00000nam 2200000 4500 =001 INLIS000000000033991 =005 20200910084655 =035 ##$$a 0010-061300000033991 =008 200910################g##########0#ind## =041 ##$$a ind =082 ##$$a 303.6 =090 ##$$a 303.6, Fox m =100 ##$$a Fox, Anne =245 1#$$a Mengendalikan konflik : $b Tips-Taktik-Teknik /$c Anne Fox;penerjemah, Ary kristanti =260 ##$$a Surabaya :$b Selasar Publishing,$c 2009 =300 ##$$a xii,128 hlm, : $b Ilus. ; $c 19 x 13 cm. =650 #4$$a Konflik sosial =700 #$$a Kristanti, Ary =850 ##$$a NBPNMAT =020 ##$$a 978-979-25-9388 =084 ##$$a 303.6 FOX m =250 ##$$a cet. 1 =504 ##$$a Bibliografi :hlm.127 =990 ##$$a 21006272 =990 ##$$a 21107618 =990 ##$$a 21006274 =990 ##$$a 21107619 =990 ##$$a 21006271